000 00545nam a2200217 4500
001 2670277
005 20180301082614.0
008 700120s1969 iauab b 001 0 eng
010 _a 73083317
020 _a0813805708
040 _aDLC
_cDLC
_dDLC
041 _aeng
080 _a333.335
082 0 0 _a333.335 MUR
100 1 _a9
101 _aMJE
245 1 0 _aFarm appraisal and valuation
_c[by] William G. Murray.
504 _aIncludes bibliographies.
906 _a7
_bcbc
_corignew
_du
_encip
_f19
_gy-gencatlg
942 _2ddc
_cBK
999 _c43857
_d43857